00415nam a2200109Ia 4500008004100000100002100041245009900062260002900161300001800190650001500208856008200223160712s9999 xx 000 0 und d aPalmes, Diana F. cDiana F. Palmes,aKohlbergian Analysis of the Moral Reasoning in Lino Brocka’s Leading Films c2015bHumanities Diliman avol. 12 no. 1 xHUMANITIES uhttp://journals.upd.edu.ph/index.php/humanitiesdiliman/issue/view/502/showToc